| 000 | 00485nam a2200157 4500 | ||
|---|---|---|---|
| 001 | 140576 | ||
| 003 | ES-MaACL | ||
| 005 | 20230906200115.0 | ||
| 007 | t| | ||
| 008 | 070214s1902 fr r ||||1| fre d | ||
| 100 | 1 |
_aSeilhac, Léon de. _9105267 |
|
| 245 | 1 | 0 |
_aSyndicats ouvriére, federations, bourses du travail / _cLéon de Seilhac. |
| 260 |
_aParis : _bArmand Colin, _c1902 ( _eCoulommiers : _fPaul Brodard) |
||
| 300 |
_aXII, 341 p. ; _c18 x 11 cm. |
||
| 852 |
_aES-MaACL _jD-2534 |
||
| 999 |
_c140576 _d140576 |
||